000 04111naa a2200457 4500
005 20120207141937.0
010 _aB-481918-938
020 _c175.00
_a8186895140
020 _c175.00
_a9788186895146
035 _aB-481918-938
037 _bBlue Berry/Ven
082 _aS
100 1 _aWhitaker, Zai
_953587
245 1 _aAndamans boy /
_cby Zai Whitaker,
260 _aChennai
_bTukika Publishers
_c2011
270 _a4/32, Subhash Gali, Vishwas Nagar, Shahdara
_bDelhi
_e110 032
_mshilalekhbooks@rediffmail.com
300 _a243 p.
_c22cm (pbk)
942 _adpl
_cEN
_2ddc
_mWHI
_hS
999 _c62189
_d62189